Electronic principles / (Record no. 41675)
[ view plain ]
| 000 -LEADER | |
|---|---|
| fixed length control field | 00764nam a22002417a 4500 |
| 005 - DATE AND TIME OF LATEST TRANSACTION | |
| control field | 20100813145153.0 |
| 010 ## - LCCN (DPL NO) | |
| LC control number | ENG-100388 |
| 020 ## - INTERNATIONAL STANDARD BOOK NUMBER | |
| Terms of availability | 98.00 |
| International Standard Book Number | 9789350010600 |
| 035 ## - SYSTEM CONTROL NUMBER | |
| System control number | EN-83920 |
| 037 ## - SOURCE OF ACQUISITION | |
| Source of stock number/acquisition | DBAD/PUB |
| 082 ## - DEWEY DECIMAL CLASSIFICATION NUMBER | |
| Classification number | 621.381 |
| 100 ## - MAIN ENTRY--PERSONAL NAME | |
| Personal name | Selevan, G. |
| 245 ## - TITLE STATEMENT | |
| Title | Electronic principles / |
| Statement of responsibility, etc | by G. Selevan |
| 260 ## - PUBLICATION, DISTRIBUTION, ETC. (IMPRINT) | |
| Place of publication, distribution, etc | Perambalur |
| Name of publisher, distributor, etc | Mercury Printers & Publishers |
| Date of publication, distribution, etc | 2008 |
| 270 ## - ADDRESS | |
| City | Perambalur |
| Postal code | 621212 |
| 300 ## - PHYSICAL DESCRIPTION | |
| Extent | ix,143p. |
| Dimensions | 21cm (pbk) |
| 500 ## - GENERAL NOTE | |
| General note | Includes index |
| 650 ## - SUBJECT ADDED ENTRY--TOPICAL TERM | |
| Topical term or geographic name as entry element | Electronic |
| 700 ## - ADDED ENTRY--PERSONAL NAME | |
| 9 (RLIN) | 12759 |
| 700 ## - ADDED ENTRY--PERSONAL NAME | |
| 9 (RLIN) | 12760 |
| 942 ## - ADDED ENTRY ELEMENTS (KOHA) | |
| Source of classification or shelving scheme | Dewey Decimal Classification |
| Item type | English Books |
| Classification part | 621.381 |
| Call number suffix | SEL |
| Withdrawn status | Lost status | Not for loan | Collection code | Home library | Current library | Date acquired | Source of acquisition | Cost, normal purchase price | Full call number | Barcode | Copy number | Cost, replacement price | Koha item type |
|---|---|---|---|---|---|---|---|---|---|---|---|---|---|
| Not For Loan | Non-fiction | D.B.Act.Division | D.B.Act.Division | 13/08/2010 | DBAD/PUB | 98.00 | 737.409548 STU | EN-83920 | 1 | 98.00 | English Books |
